000 00460nam a2200145 a 4500
001 000037695
005 20201002031113.0
008 121115s19uu dr a 000 0 spa d
040 _aDO-SdBNP
_bspa
_cBNPHU
100 1 _aGuerien Batiste, Gilberto
_964157
245 1 3 _aEl joven del Batey /
_cGilberto Guerien Batiste.
260 _a[Santo Domingo]. :
_bImpresora Cañaveral.
300 _a150 p. :
_bil. ;
_c21 cm.
500 _aIncluye datos biográficos del autor
999 _c37185
_d37185